Responses for Show #5031 - Monday, June 26, 2006

Contestants

[<< previous game]

Mark Edelson, a software developer from Toronto, Ontario, Canada

Joan Belen, a homemaker from Brooklyn, New York

Chris Knight, a copywriter from Birmingham, Alabama (whose 1-day cash winnings total $20,800)

[next game >>]

Jeopardy! Round responses

CASABLANCA
WE'RE NO ANGELS
THE BIG SLEEP
THREE ON A MATCH
THE HARDER THEY "FAL"
HUMPHREY BOGART
    $200 1
Morocco

Mark
    $200 30
(Chris: What is Arizona?)
...
(Alex: You were in the right part of the country, but the wrong school.)

Arizona State

Chris
Triple Stumper
    $200 16
snoring

Chris
    $200 11
Moe, Curly & Larry

Mark
    $200 4
a fallout shelter

Mark
    $200 21
Lauren Bacall

Joan
    $400 2
white house

Mark
    $400 29
the New Jersey Devils

Mark
    $400 17
sleepwalking

Mark
    $400 12
the butcher, the baker & the candlestick maker

Chris
    $400 5
falsetto

Joan
    $400 22
Yale

Mark
    $600 3
Sinbad the Sailor

Triple Stumper
    $600 28
the Devil Rays

Chris
    $600 18
insomnia

Joan
    $600 13
Barry, Robin & Maurice

Mark
    $600 7
fallow

Chris
    $600 23
(Chris: What is World War II?)

World War I

ChrisJoan
    $800 6
Muhammad

Mark
    $800 27
Manchester (United)

Chris
    $800 19
REM sleep

Joan
    $800 14
Bach, Brahms & Beethoven

Mark
    $800 9
a false start

Mark
    $800 24
the House Un-American Activities Committee

Chris
    $1000 8
a lighthouse

Chris
    $1000 26
[NOTE: This was the 60,000th clue entered into the J! Archive, 2006-06-26.]

the Demon Deacons

Triple Stumper
    $1,800 20
(Joan: What are gamma?)
(Alex: Oh, gosh, I thought somebody would say gamma, and that's incorrect.)

delta waves

Joan
    $1000 15
"Liberty, equality, fraternity"

Mark
    $1000 10
Falstaff

Mark
    $1000 25
The Petrified Forest

Chris

Scores at the first commercial break (after clue 15):

Chris Joan Mark
$2,000 $400 $6,000

Scores at the end of the Jeopardy! Round:

Chris Joan Mark
$4,600 $800 $7,200

Double Jeopardy! Round responses

THE MIDDLE AGES
MUSICAL NUMBERS
FOUNDERS
MEET T.S. ELIOT
LANDMARKS
VOCABULARY
    $400 2
the Magna Carta

Mark
    $400 21
Three

Joan
    $400 19
deaf people

Mark
    $400 12
the Church of England

Mark
    $400 11
the Arc de Triomphe

Chris
    $400 1
exhaust

Mark
    $800 3
St. Mark's

Mark
    $800 22
61

Chris
    $800 20
Williams-Sonoma

Joan
    $800 17
St. Louis

Chris
    $800 13
the Colosseum

Mark
    $2,500 5
(Chris: [Shakes head and laughs] Uh, what is a dashboard? I don't know.)

console

Chris
    $1200 4
(Joan: Who is... Eric... Red?)

Leif Ericson

ChrisJoan
    $1200 27
One

Chris
    $1200 18
(Mark: What is November?)
(Chris: What is February?)

April

ChrisJoanMark
    $1200 14
the Four Corners monument

Chris
    $1200 6
precipitation

Joan
    $1600 9
the Jutland peninsula

Mark
    $1600 25
A Thousand

Chris
    $3,000 23
(Chris: Umm... I don't know--what are tomcats?)

the possum

Chris
    $1600 15
(Chris: What is, uh... [shakes head] Sugar Mountain?)

Mauna Kea

Chris
Triple Stumper
    $1600 7
behemoth

Chris
    $2000 10
(Joan: Who are the Knights Templar?)

the Teutonic Knights

Joan
Triple Stumper
    $2000 24
18

Triple Stumper
    $2000 26
(Jose) Martí

Joan
    $2000 28
[The end-of-round signal sounds.]

J. Alfred Prufrock

Triple Stumper
    $2000 16
Observatory

Triple Stumper
    $2000 8
a farrier

Mark

Scores at the end of the Double Jeopardy! Round:

Chris Joan Mark
$5,100 $3,200 $12,800
(lock game)

[wagering suggestions for these scores]

Final Jeopardy! Round responses

19th CENTURY GOVERNORS
(Alex: [*]. Tennessee and then later on Texas.)
JoanWho is Cleveland?
$3,198
ChrisWho was Rockefeller
$5,000
MarkWho is Andrew Johnson
$200
Sam Houston

Final scores:

Chris Joan Mark
$100 $2 $12,600
2nd place: $2,000 3rd place: $1,000 New champion: $12,600

Game dynamics:

Coryat scores:

Chris Joan Mark
$10,600 $5,000 $12,800
16 R,
6 W
(including 2 DDs)
10 R,
3 W
(including 1 DD)
21 R,
1 W

Combined Coryat: $28,400

[game clues] [game scores] [suggest correction]

Game tape date: Unknown
The J! Archive is created by fans, for fans. Scraping, republication, monetization, and malicious use prohibited; this site may use cookies and collect identifying information. See terms. The Jeopardy! game show and all elements thereof, including but not limited to copyright and trademark thereto, are the property of Jeopardy Productions, Inc. and are protected under law. This website is not affiliated with, sponsored by, or operated by Jeopardy Productions, Inc. Join the discussion at JBoard.tv.